书目信息 |
| 题名: |
图书分类学
|
|
| 作者: | 周继良 主编 | |
| 分册: | ||
| 出版信息: | 武汉 武汉大学出版社 1989.05 |
|
| 页数: | 386页 | |
| 开本: | 21cm | |
| 丛书名: | ||
| 单 册: | ||
| 中图分类: | G254.11 | |
| 科图分类: | ||
| 主题词: | 分类法--理论 , 分类标引--方法 | |
| 电子资源: | ||
| ISBN: | 7-307-00318-X | |
| 000 | 00574nam0 2200205 45 | |
| 001 | 0404260819 | |
| 005 | 20060803153519.21 | |
| 010 | @a7-307-00318-X@dCNY2.80 | |
| 100 | @a20040426d1989 km y0chiy0120 ea | |
| 101 | 0 | @achi |
| 200 | 1 | @a图书分类学@ATu Shu Fen Lei Xue@f周继良主编@FZhou Ji Liang Zhu Bian |
| 210 | @a武汉@c武汉大学出版社@d1989.05 | |
| 215 | @a386页@d21cm | |
| 300 | @a高等学校文科教材 | |
| 606 | 0 | @a分类法@x理论 |
| 606 | 0 | @a分类标引@x方法 |
| 690 | @aG254.11@v3 | |
| 701 | 0 | @a周继良@4主编 |
| 801 | @aCN@bPftUser@c20060803 | |
| 905 | @dG254.11@e45@f1@b228048 | |
| 图书分类学/周继良主编.-武汉:武汉大学出版社,1989.05 |
| 386页;21cm |
| 高等学校文科教材 |
| ISBN 7-307-00318-X:CNY2.80 |
| ● |
| 相关链接 |
|
|
|
|
正题名:图书分类学
索取号:G254.11/45
 
预约/预借
| 序号 | 登录号 | 条形码 | 馆藏地/架位号 | 状态 | 备注 |
| 1 | 0228047 | 000503333 | 密集书库/ [索取号:G254.11/45] | 在馆 | |
| 2 | 0228048 | 000503315 | 第四借阅区/ [索取号:G254.11/45] | 在馆 | |
| 3 | 0441996 | 204419968 | 密集书库/ [索取号:G254.11/45] | 在馆 | |
| 4 | 0446662 | 204466620 | 密集书库/ [索取号:G254.11/45] | 在馆 |